| 000 | 00488pab a2200181 454500 | ||
|---|---|---|---|
| 008 | 180718b2014 xxu||||| |||| 00| 0 eng d | ||
| 100 | _aKalha, R.S. | ||
| 245 | _aThe Sino-Indian boundary question and international case law | ||
| 260 | _c2014 | ||
| 300 | _ap.395-401. | ||
| 362 | _aJul-Sep | ||
| 650 | _aIndia - Boundaries - China | ||
| 650 | _aIndia - Foreign relations - China | ||
| 650 | _aInternational relations | ||
| 773 | _aUSI Journal | ||
| 908 | _aN | ||
| 909 | _a106262 | ||
| 999 |
_c106257 _d106257 |
||